Jaam-E-Jam Auhadi (Record no. 642)
[ view plain ]
| 000 -LEADER | |
|---|---|
| fixed length control field | 00591nam a2200241 a 4500 |
| 020 ## - INTERNATIONAL STANDARD BOOK NUMBER | |
| ISBN | |
| 082 00 - DEWEY DECIMAL CLASSIFICATION NUMBER | |
| Classification number | 891.51 |
| Author Cutter | AUH |
| 100 ## - MAIN ENTRY--AUTHOR NAME | |
| Author name | Auhadi, Sk Auhaduddin |
| 245 ## - TITLE STATEMENT | |
| Title | Jaam-E-Jam Auhadi |
| 260 ## - PUBLICATION, DISTRIBUTION, ETC. (IMPRINT) | |
| Place of publication | Tehran |
| Name of publisher | Firdoosi Press |
| Year of publication | 1899 |
| 300 ## - PHYSICAL DESCRIPTION | |
| Number of Pages | 264p |
| 500 ## - GENERAL NOTE | |
| General note | includes index and biblioraphy |
| 505 2# - FORMATTED CONTENTS NOTE | |
| Formatted contents note | Index, 145p |
| 650 ## - SUBJECT ADDED ENTRY--TOPICAL TERM | |
| Topical Term | Persian Poetry-Hairat Badayuni |
| 942 ## - ADDED ENTRY ELEMENTS (KOHA) | |
| Koha item type | Books |
| 700 1# - | |
| -- | Auhadi, Sk Auhaduddin |
| Collection code | Home library | Current library | Date acquired | Cost, normal purchase price | Full call number | Accession Number | Koha item type |
|---|---|---|---|---|---|---|---|
| Henry Martyn Institute Library | Henry Martyn Institute Library | 06/01/2007 | 100.00 | 891.51 AUH | 04529 | Books |
